The pocket history of american painting
Guardat en:
| Autor principal: | |
|---|---|
| Format: | Llibre |
| Idioma: | anglès |
| Publicat: |
Nueva York
Pocket Books
1950
|
| Matèries: | |
| Etiquetes: |
Afegir etiqueta
Sense etiquetes, Sigues el primer a etiquetar aquest registre!
|
MARC
| LEADER | 00000nam a2200000 a 4500 | ||
|---|---|---|---|
| 001 | UCX3009 | ||
| 003 | CL-VaPUC | ||
| 008 | 910912e19500000US |||||||||||||||||eng|d | ||
| 082 | 0 | 4 | |a 759.13 |b FLE |2 21 |
| 100 | 0 | |a Flexner, James Thomas |e author |9 319142 | |
| 245 | 1 | 4 | |a The pocket history of american painting |
| 300 | |a 118 p | ||
| 942 | |c BK | ||
| 945 | |d 19910912 00:00:00 | ||
| 260 | |a Nueva York |b Pocket Books |c 1950 | ||
| 650 | 0 | |a Pintura |9 265046 | |
| 650 | 0 | |a Historia |9 255047 | |
| 650 | 0 | |a Obras ilustradas |9 265022 | |
| 651 | 0 | |a Estados Unidos |9 255178 | |
| 583 | |a last modification |c 19910912 00:00:00 |k Rodrigo Vera | ||
| 999 | |c 223900 |d 223898 | ||
| 952 | |0 0 |1 0 |4 0 |6 759_130000000000000_FLE_1950 |7 0 |8 P |9 220143 |a BIBEDU |b BIBEDU |c BIBEDU_PB |d 2019-11-15 |i 3171175 |o 759.13 FLE 1950 |p 3171175 |r 2024-01-25 |w 2019-11-15 |y BK |k LIT | ||